ORGANIZING CURRICULUM VITAE: (Record no. 343128)
[ view plain ]
| 000 -LEADER | |
|---|---|
| fixed length control field | 00548 a2200181 4500 |
| 003 - CONTROL NUMBER IDENTIFIER | |
| control field | OSt |
| 005 - DATE AND TIME OF LATEST TRANSACTION | |
| control field | 20231011122353.0 |
| 008 - FIXED-LENGTH DATA ELEMENTS--GENERAL INFORMATION | |
| fixed length control field | 160830b xxu||||| |||| 00| 0 eng d |
| 020 ## - INTERNATIONAL STANDARD BOOK NUMBER | |
| International Standard Book Number | 0 |
| 040 ## - CATALOGING SOURCE | |
| Transcribing agency | 0 |
| 082 ## - DEWEY DECIMAL CLASSIFICATION NUMBER | |
| Classification number | 650.142 |
| Author Mark | SHE |
| 100 ## - MAIN ENTRY--PERSONAL NAME | |
| Personal name | WASIMA SHEHZAD |
| 9 (RLIN) | 46239 |
| 245 ## - TITLE STATEMENT | |
| Title | ORGANIZING CURRICULUM VITAE: |
| Remainder of title | SCIENTIST AS COMMUNICATOR AND PRESENTER (SERIES) |
| Statement of responsibility, etc. | WASIMA SHEHZAD |
| 260 ## - PUBLICATION, DISTRIBUTION, ETC. | |
| Place of publication, distribution, etc. | NUST Pakistan |
| Name of publisher, distributor, etc. | NUST Publication |
| Date of publication, distribution, etc. | 2000 |
| 300 ## - PHYSICAL DESCRIPTION | |
| Extent | 65 p. |
| Other physical details | PB |
| 440 ## - SERIES STATEMENT/ADDED ENTRY--TITLE | |
| Title | ORGANIZING CURRICULUM VITAE |
| 9 (RLIN) | 118472 |
| 942 ## - ADDED ENTRY ELEMENTS (KOHA) | |
| Institution code [OBSOLETE] | NBS |
| Koha item type | Book |
| Call number prefix | 121.3 SHE 2000 |
| Source of classification or shelving scheme | |
| Withdrawn status | Lost status | Source of classification or shelving scheme | Damaged status | Not for loan | Permanent Location | Current Location | Date acquired | Full call number | Barcode | Date last seen | Price effective from | Koha item type | Total Checkouts | Date last checked out | Shelving location | Public note |
|---|---|---|---|---|---|---|---|---|---|---|---|---|---|---|---|---|
| Central Library (CL) | Central Library (CL) | 08/28/2013 | 650.142 SHE | NBS4812 | 08/30/2016 | 08/28/2013 | Book | |||||||||
| Central Library (CL) | Central Library (CL) | 08/28/2013 | 650.142 SHE | NBS4831 | 08/28/2013 | 08/28/2013 | Reference | |||||||||
| Central Library (CL) | Central Library (CL) | 08/28/2013 | 650.142 SHE | NBS4830 | 08/28/2013 | 08/28/2013 | Reference | |||||||||
| Central Library (CL) | Central Library (CL) | 08/28/2013 | 650.142 SHE | NBS4828 | 08/28/2013 | 08/28/2013 | Reference | |||||||||
| Central Library (CL) | Central Library (CL) | 08/28/2013 | 650.142 SHE | NBS4823 | 06/13/2022 | 08/28/2013 | Book | 1 | 03/12/2022 | |||||||
| Central Library (CL) | Central Library (CL) | 08/28/2013 | 650.142 SHE | NBS4816 | 08/28/2013 | 08/28/2013 | Book | |||||||||
| Central Library (CL) | Central Library (CL) | 08/28/2013 | 650.142 SHE | NBS4818 | 08/28/2013 | 08/28/2013 | Book | |||||||||
| Central Library (CL) | Central Library (CL) | 08/28/2013 | 650.142 SHE | NBS4814 | 08/28/2013 | 08/28/2013 | Book | |||||||||
| Central Library (CL) | Central Library (CL) | 08/28/2013 | 650.142 SHE | NBS4819 | 08/28/2013 | 08/28/2013 | Book | |||||||||
| Central Library (CL) | Central Library (CL) | 08/28/2013 | 650.142 SHE | NBS4813 | 08/28/2013 | 08/28/2013 | Book | |||||||||
| Central Library (CL) | Central Library (CL) | 08/28/2013 | 650.142 SHE | NBS4389 | 08/28/2013 | 08/28/2013 | Reference | |||||||||
| Write Off | Central Library (CL) | Central Library (CL) | 10/17/2016 | 650.142 SHE | NBS4820 | 10/17/2016 | 10/17/2016 | Book | First Floor - Journalism | No. 0908/NBS/IRC Dated: 12 June, 2012 |
